[Event "86th UKR-ch Men 2017"]
[Site "Zhytomyr"]
[Date "2017.12.09"]
[Round "4"]
[White "Onischuk, Vladimir"]
[Black "Vovk, Andriy"]
[Result "1-0"]
[WhiteElo "2637"]
[BlackElo "2634"]
[Annotator "TA"]
[PlyCount "177"]
[EventDate "2017.??.??"]
[EventType "tourn"]
[EventCountry "UKR"]
[SourceTitle "playchess.com"]
[Source "ChessBase"]
[SourceQuality "1"]

{[%evp 13,177,0,19,25,9,14,15,8,16,0,0,-18,-5,-21,-14,-69,-79,-87,-93,-88,-94,-84,-92,-88,-84,-93,-43,-51,-37,-33,-35,-29,-18,-46,-50,-64,-26,-68,-9,-9,-9,-9,0,-15,18,4,4,0,39,29,64,60,76,66,81,87,83,73,70,53,98,88,104,93,104,96,102,97,107,99,106,94,117,117,105,83,117,129,129,122,130,135,139,139,139,139,164,170,134,131,143,154,148,154,154,153,153,138,159,156,123,148,176,176,147,172,139,170,157,180,129,80,85,66,171,60,132,120,210,101,101,55,54,51,53,46,101,101,94,46,34,10,62,59,57,36,21,0,364,512,499,492,444,419,581,604,596,596,686,676,653,653,638,637,587,587,756,756,749,518,518,511,504,479,471,464]} 1. Nf3 Nf6 2. g3 g6 3. Bg2 Bg7 4. O-O O-O 5. d3 c5 6. c4 Nc6 7. Nc3 a6 8. d4 {A38: Symmetrical English vs ...g6: 4 Bg2 Bg7 5 Nf3 Nf6} (8. Bg5 d6 9. Qd2 Rb8 10. Rac1 b5 11. b3 Re8 12. Qf4 Nh5 13. Qd2 Bd7 14. Rfd1 b4 15. Nd5 f6 {0-1 (43) Edouard,R (2659)-Jones,G (2661) London 2014}) 8... cxd4 9. Nxd4 Nxd4 10. Qxd4 {The position is equal.} d6 11. Qh4 $146 ({Predecessor:} 11. Bg5 Rb8 12. Qd2 b5 13. cxb5 axb5 14. Bh6 Be6 15. b3 Qd7 16. a4 bxa4 17. bxa4 Rb3 18. Rfb1 Rfb8 19. a5 Qa7 {1-0 (19) Tastanov,A (1747)-Novohodko,Y (1930) Omsk 2014}) 11... Rb8 12. Bg5 Be6 13. Rfd1 Qb6 14. Na4 ({Better is} 14. Rab1 $11) 14... Qa5 $15 15. b3 b5 $1 {[%cal Rb5a4]} 16. Bd2 Qd8 17. cxb5 axb5 18. Nc3 b4 19. Na4 Qa5 20. Rac1 Rb5 {Hoping for ...Bg4.} 21. Qd4 Ng4 22. Qd3 Rh5 23. h4 Qa7 24. Be1 Rb8 25. e3 g5 (25... Rhb5 $15) 26. hxg5 $11 Rxg5 27. Qc2 Ra5 28. Qc7 Bf6 29. Qxa7 Rxa7 30. Bd5 Bxd5 31. Rxd5 Rab7 32. Kf1 Be5 33. Ra5 Kg7 34. Ke2 Bf6 35. f3 Ne5 36. f4 Nd7 37. Bf2 e6 38. e4 {[%cal Be3e4,Be4e5][%mdl 32]} Bd8 39. Ra6 {And now Ba7 would win.} Be7 40. Kf3 Kg8 41. Nb2 Nf6 42. Nd3 d5 43. e5 $1 {[%cal Re5f6]} Ne4 44. Bd4 Bf8 45. g4 Re8 46. Rc2 Rbb8 47. Rac6 Ra8 48. Nf2 Nxf2 49. Bxf2 Bg7 50. Bh4 h6 51. Ke2 Ra5 52. Be1 Rb5 53. Rc8 Rxc8 54. Rxc8+ $16 {[%mdl 4096] Endgame KRB-KRB} Kh7 55. Rc7 Kg6 56. Kd3 Rb6 57. Ra7 Rb8 58. Bd2 h5 59. gxh5+ Kxh5 60. Rxf7 Kg6 61. Ra7 Bf8 62. Rc7 Ra8 63. Rc2 Be7 (63... Kf5 $14) 64. Be3 ({Only move:} 64. Rc6 $18 Kf7 65. Rc7) 64... Rh8 (64... Kf5 $14) 65. Rc7 Bf8 (65... Rh7 $16 66. Kd4 Rf7) 66. Rc8 (66. Rc6 $18 {has better winning chances.}) 66... Kf7 67. Ke2 Rh2+ 68. Kf3 {Black must now prevent f5!} Rh3+ 69. Kf2 $1 {Strongly threatening f5!} Be7 (69... Rh2+ $14 70. Kg3 Rxa2) 70. Rc7 Ke8 71. f5 exf5 72. e6 {Rc8+ would kill now.} Bd6 (72... Bh4+ $11 73. Ke2 Rh2+ 74. Kf1 Rh1+ 75. Ke2 Rh2+ 76. Kf1 Rh1+ 77. Ke2 Rh2+) 73. Rd7 $14 f4 74. Bd4 Be7 75. Rb7 {Intending Rb8+ and mate.} Bh4+ $2 {[%mdl 8192] [#]} (75... Bd6 $11) 76. Kg2 $1 $18 {[%cal Rg2h3]} Rg3+ 77. Kf1 Rg6 {[#]} 78. Rb6 $1 f3 79. Bc5 {Threatening mate with Rb8+.White is clearly winning.} Bd8 80. Ra6 d4 81. Bxd4 Rg2 {intending ...Rc2.} 82. Ra8 {Threatens to win with Bf6.} Ke7 83. Bc5+ Kxe6 84. Rxd8 {KRB-KR} Ke5 85. Bf2 Rg6 86. Rd3 Ra6 87. Rxf3 Rxa2 88. Be1 Ke4 89. Rh3 {Precision: White = 67%, Black = 54%.} 1-0

[Event "86th UKR-ch Men 2017"]
[Site "Zhytomyr"]
[Date "2017.12.09"]
[Round "4"]
[White "Oleksiyenko, Mykhaylo"]
[Black "Shevchenko, Kirill"]
[Result "1/2-1/2"]
[WhiteElo "2615"]
[BlackElo "2547"]
[Annotator "TA"]
[PlyCount "61"]
[EventDate "2017.??.??"]
[EventType "tourn"]
[EventCountry "UKR"]
[SourceTitle "playchess.com"]
[Source "ChessBase"]
[SourceQuality "1"]

{[%evp 18,61,16,0,8,16,28,32,61,53,52,51,44,47,56,57,52,41,87,46,46,54,49,48,42,37,41,40,47,20,55,58,81,63,59,63,59,63,52,37,39,26,22,0,0,0]} 1. d4 Nf6 2. c4 e6 3. Nf3 b6 4. g3 Bb7 5. Bg2 Be7 6. O-O O-O 7. Re1 d5 8. cxd5 exd5 9. Nc3 Nbd7 10. b3 {LiveBook: 4 Partien. E17: Damenindisch (Hauptfortsetzung)} (10. Bf4 c5 11. Rc1 Ne4 12. Nxe4 dxe4 13. Nd2 f5 14. Nc4 Nf6 15. dxc5 Bxc5 16. a3 Qxd1 17. Rexd1 Rfc8 18. e3 Kf7 {½-½ (36) Korobov,A (2668)-Anton Guijarro,D (2654) Kocaeli 2017}) 10... a6 11. Bb2 Bd6 12. Nd2 $146 {Weiß hat minimalen Vorteil.} ({Vorgänger:} 12. Rc1 Re8 13. e3 Rb8 14. Qc2 Qe7 15. Red1 {½-½ (46) Burmakin,V (2508)-Maiorov,N (2527) Nakhchivan 2017}) 12... Re8 13. e4 dxe4 14. Ndxe4 Nxe4 15. Nxe4 Bb4 16. Re3 a5 17. Rc1 f5 {[%cal Rb7e4]} 18. Nd6 Bxd6 19. Rxe8+ Qxe8 20. Bxb7 {[#] Droht stark Ld5+.} Rd8 21. Qf3 f4 22. Bc6 Qg6 23. Qd5+ Qf7 24. g4 Nf6 25. Qxf7+ Kxf7 26. g5 Ng8 27. Kg2 h6 28. gxh6 Nxh6 29. Kf3 Rh8 30. Bd7 Ng8 31. d5 {Precision: Weiß = 59%, Schwarz = 63%.} 1/2-1/2

[Event "86th UKR-ch Men 2017"]
[Site "Zhytomyr"]
[Date "2017.12.09"]
[Round "4"]
[White "Kovchan, Alexander"]
[Black "Bernadskiy, Vitaliy"]
[Result "1/2-1/2"]
[WhiteElo "2592"]
[BlackElo "2583"]
[Annotator "TA"]
[PlyCount "22"]
[EventDate "2017.??.??"]
[EventType "tourn"]
[EventCountry "UKR"]
[SourceTitle "playchess.com"]
[Source "ChessBase"]
[SourceQuality "1"]

{[%evp 18,22,31,0,22,0,33]} 1. e4 e6 2. d4 d5 3. Nc3 Nf6 4. e5 Nfd7 5. f4 c5 6. Nf3 a6 7. Be3 Qb6 8. Na4 Qa5+ 9. Nc3 $146 ({Predecessor:} 9. c3 cxd4 10. b4 Qc7 11. Qxd4 Nc6 12. Qd2 Be7 13. Bd3 b5 14. Nb2 a5 15. O-O axb4 16. cxb4 Bxb4 17. Qe2 Ra3 18. Rfc1 Qb7 19. Nd1 {1-0 (38) Van Foreest,J (2595)-Naiditsch,A (2700) Chartres 2017}) 9... Qb6 10. Na4 Qa5+ {C11: French: Classical System: 4 e5 and 4 Bg5 dxe4} 11. Nc3 Qb6 1/2-1/2

[Event "86th UKR-ch Men 2017"]
[Site "Zhytomyr"]
[Date "2017.12.09"]
[Round "4"]
[White "Golubka, Petro"]
[Black "Gasanov, Eldar"]
[Result "1/2-1/2"]
[WhiteElo "2475"]
[BlackElo "2488"]
[Annotator "TA"]
[PlyCount "75"]
[EventDate "2017.??.??"]
[EventType "tourn"]
[EventCountry "UKR"]
[SourceTitle "playchess.com"]
[Source "ChessBase"]
[SourceQuality "1"]

{[%evp 30,75,31,24,24,20,26,8,19,15,31,5,36,34,18,11,8,12,17,0,0,-2,0,-14,29,0,34,2,6,0,9,0,0,-8,0,0,0,0,0,0,9,-8,0,0,0,0,0,0]} 1. e4 e5 2. Nf3 Nc6 3. Bb5 a6 4. Ba4 Nf6 5. O-O Be7 6. Re1 b5 7. Bb3 d6 8. c3 O-O 9. h3 Nb8 10. d4 Nbd7 11. Nbd2 Bb7 12. Bc2 Re8 13. b3 Bf8 14. Bb2 g6 15. a4 c6 16. Bd3 Qc7 {C95: Closed Ruy Lopez: Breyer Variation with 10 d4} (16... exd4 17. cxd4 d5 18. e5 Nh5 19. g3 Ng7 20. h4 bxa4 21. Ng5 c5 22. bxa4 c4 23. Bf1 Bb4 24. Ba3 {1-0 (61) Karjakin,S (2762)-Inarkiev,E (2660) Skopje 2015}) 17. Qc2 Nh5 18. Rad1 Rad8 $146 ({Predecessor:} 18... Nf4 19. Bf1 Ne6 20. b4 Bg7 21. Nb3 Nb6 22. a5 Nc4 23. Bxc4 bxc4 {1-0 (66) Pourkashiyan,A (2334)-Khademalsharieh,S (2298) Rasht 2013}) 19. Bf1 Nf4 20. Ba3 Nf6 21. g3 Ne6 22. dxe5 dxe5 23. Bxf8 Rxf8 24. b4 c5 {...cxb4 is the strong threat.} 25. axb5 axb5 26. bxc5 Qxc5 27. Qb2 Bc6 28. Rb1 {[%cal Rf1b5]} Rb8 {The position is equal.} 29. Qb4 Rfe8 30. Rbc1 Kg7 31. Nb3 Qxb4 32. cxb4 Bxe4 33. Nxe5 Bd5 34. Nc5 Nd4 {[#] Strongly threatening ...Rxe5!} 35. f4 Nf3+ 36. Nxf3 Bxf3 37. Rxe8 Rxe8 38. Bxb5 {Precision: White = 34%, Black = 67%.} 1/2-1/2

[Event "86th UKR-ch Men 2017"]
[Site "Zhytomyr"]
[Date "2017.12.09"]
[Round "4"]
[White "Grinev, Valeriy"]
[Black "Frolov, Artur"]
[Result "0-1"]
[WhiteElo "2409"]
[BlackElo "2416"]
[Annotator "TA"]
[PlyCount "78"]
[EventDate "2017.??.??"]
[EventType "tourn"]
[EventCountry "UKR"]
[SourceTitle "playchess.com"]
[Source "ChessBase"]
[SourceQuality "1"]

{[%evp 9,77,40,41,42,54,18,19,-4,23,24,25,0,1,-1,26,20,25,0,7,-18,13,6,27,25,38,-52,-43,-68,-23,-44,-13,-56,-16,-211,-61,-60,-77,-70,-85,-412,-432,-415,-391,-330,-61,-58,-59,-75,0,-115,-116,-108,-121,-109,-5,-11,0,-11,-10,-3,0,0,0,0,-27,-1083,-1082,-29995,-29996,-29999]} 1. Nf3 f5 2. d3 Nf6 3. e4 d6 4. Nc3 e5 5. exf5 Bxf5 6. d4 {A04: Unusual lines after 1 Nf3 and King's Indian Attack} Nbd7 (6... e4 7. Nh4 Bg4 8. Be2 Bxe2 9. Qxe2 d5 10. Bg5 Bb4 11. O-O O-O 12. Nf5 Nc6 {½-½ (36) Grischuk,A (2783)-Ponomariov,R (2731) Beijing 2013}) 7. Be2 c6 $146 ({Predecessor:} 7... Qe7 8. Nh4 Be6 9. d5 Bf7 10. Nf5 Qd8 11. O-O h6 12. f4 g6 13. fxe5 dxe5 {1-0 (33) Oliva Castaneda,K (2491)-Alonso Moyano,J (2406) Linares 2016}) 8. dxe5 {The position is equal.} dxe5 9. O-O Bb4 10. Bc4 Qe7 11. a3 Bd6 12. Ng5 {Nf7 is the strong threat.} Rf8 13. Qe2 O-O-O 14. Nge4 Bb8 15. b4 h6 16. Bd3 Nd5 {White must now prevent ...Nxc3.} 17. Bb2 (17. b5 $1 $14) 17... Nf4 $15 18. Qe3 Nb6 19. Rfd1 Nbd5 20. Qe1 a6 21. Ng3 $2 (21. Nxd5 $11 {and White stays safe.} cxd5 22. Ng3) 21... Bg4 (21... Bxd3 $19 22. cxd3 Nxc3 23. Qxc3 Ba7) 22. Rd2 $1 Ba7 $1 23. Nxd5 Rxd5 24. Ne4 $2 {[%mdl 8192] [#]} (24. Bf1 $17 {is a better chance.}) 24... Nxg2 $1 $19 {[%mdl 512]} 25. Kxg2 Bf3+ 26. Kg1 Qh4 $2 ({Not} 26... Bxe4 27. Qxe4 (27. Bxe4 $2 Qg5+ 28. Kh1 Rxd2 $19) 27... Qg5+ 28. Kh1 $19) ({Black should try} 26... Qd7 $19 {Strongly threatening ...h5.} 27. b5 axb5) 27. Bxe5 $1 $15 {Hoping for Nd6+.} Bxe4 28. Bg3 Qf6 (28... Qg4 $17 {Threatens to win with ...h5.} 29. Bxe4 Rxd2 30. Bf5+ Qxf5 31. Qxd2 h5) 29. Bxe4 (29. Rad1 $1 $11 {remains equal.} Bf3 30. Bc4) 29... Rxd2 $40 {[%mdl 128] [#] Black attacks with force.} 30. Bf5+ $1 {[%mdl 512]} Qxf5 31. Qxd2 {[#]} Qg4 (31... h5 $1 $17 {[%cal Rh5h4]} 32. Rf1 g5) 32. Rf1 Rd8 33. Qc3 Bd4 34. Qb3 Rd5 35. c4 Rf5 36. b5 Rf3 ({Don't play} 36... axb5 37. cxb5 Kd7 38. bxc6+ bxc6 39. a4 $14) 37. Qd1 $2 {[%mdl 8192] [#]} (37. Qb4 $11 Rxg3+ 38. hxg3 Qxg3+ 39. Kh1 Qh3+ 40. Kg1 Qg3+ 41. Kh1 Qh3+ 42. Kg1 Qg3+) 37... Bxf2+ $1 $19 {[%mdl 512]} 38. Kh1 (38. Rxf2 Rxg3+) 38... Qe4 39. Qb1 Rd3# {Precision: White = 34%, Black = 42%.} 0-1

[Event "86th UKR-ch Men 2017"]
[Site "Zhytomyr"]
[Date "2017.12.09"]
[Round "4"]
[White "Vypkhaniuk, Ihor"]
[Black "Neverov, Valeriy"]
[Result "1/2-1/2"]
[WhiteElo "2336"]
[BlackElo "2496"]
[Annotator "TA"]
[PlyCount "64"]
[EventDate "2017.??.??"]
[EventType "tourn"]
[EventCountry "UKR"]
[SourceTitle "playchess.com"]
[Source "ChessBase"]
[SourceQuality "1"]

{[%evp 15,64,32,48,21,18,11,17,0,27,16,29,22,17,-2,0,-42,-49,-39,-34,-51,-12,-18,-26,-30,13,10,75,68,35,0,93,71,129,126,132,122,112,88,104,73,166,157,125,54,54,59,64,0,0,0,49]} 1. Nf3 Nf6 2. d4 g6 3. Bg5 Bg7 4. Nbd2 d6 5. e4 h6 6. Bh4 g5 7. Bg3 Nh5 8. c3 e6 9. Ng1 {A48: 1 d4 Nf6 2 Nf3 g6: Torre, London and Colle Systems} (9. Nc4 {with more complications.} b6 10. Bd3 Nd7 11. e5 d5 12. Ne3) 9... Nxg3 10. hxg3 Nd7 11. Nc4 $146 ({Predecessor:} 11. Bc4 b6 12. Qe2 a6 13. f4 b5 14. Bb3 c5 15. e5 cxd4 16. cxd4 dxe5 17. fxe5 {½-½ (33) Harikrishna,P (2679)-Inarkiev,E (2684) Dagomys 2008}) 11... Qe7 12. Bd3 b6 13. Qe2 Bb7 14. f4 O-O-O 15. Ne3 Nf6 16. Qc2 h5 17. Ne2 Bh6 18. O-O-O $1 h4 19. Kb1 Rdg8 20. e5 Nh5 (20... Nd5 $11 21. Nxd5 Bxd5) 21. f5 $16 g4 22. f6 Qf8 (22... Qe8 $11 23. Nc4 h3) 23. Nc4 h3 (23... Nxg3 $142 24. Rxh4 Nxe2 25. Qxe2 (25. Bxe2 Kb8 $11) 25... Kb8) 24. gxh3 Bxh1 25. Rxh1 {[#] aiming for Qa4.} d5 26. Na3 {Threatens to win with c4.} gxh3 27. Rxh3 Bg5 {[#]} (27... Nxf6 $16 {is a better defense.} 28. exf6 Bg5 29. Rxh8 Rxh8) 28. Qa4 $1 $18 {[%cal Ra4a7][%mdl 1024] White has strong compensation.} Kb8 29. Ba6 ({Better is} 29. Nc2 $16 a5 30. b4 Nxf6 31. Rxh8 Rxh8 32. exf6) 29... Qe8 $1 $14 {[%cal Re8a4]} 30. Bb5 $1 {[%cal Rb5e8]} Qc8 31. Ba6 Qe8 32. Bb5 Qc8 {Precision: White = 45%, Black = 40%.} 1/2-1/2

[Event "86th UKR-ch Men 2017"]
[Site "Zhytomyr"]
[Date "2017.12.10"]
[Round "5"]
[White "Vovk, Andriy"]
[Black "Kovchan, Alexander"]
[Result "1/2-1/2"]
[WhiteElo "2634"]
[BlackElo "2592"]
[Annotator "TA"]
[PlyCount "124"]
[EventDate "2017.??.??"]
[EventType "tourn"]
[EventCountry "UKR"]
[SourceTitle "playchess.com"]
[Source "ChessBase"]
[SourceQuality "1"]

{[%evp 31,124,28,24,18,21,-20,-26,-23,8,12,12,0,-12,-22,52,46,81,70,106,81,85,88,79,77,66,67,68,53,71,67,60,20,17,27,56,32,72,60,60,39,68,22,27,42,62,39,35,47,39,47,61,44,83,72,104,102,114,67,54,39,37,39,46,52,31,23,16,0,0,0,8,0,8,8,8,8,8,6,8,0,0,0,0,0,0,0,0,0,0,0,0,0,0,0,0]} 1. e4 c5 2. Nf3 d6 3. d4 cxd4 4. Nxd4 Nf6 5. Nc3 a6 6. Be3 Ng4 7. Bc1 Nf6 8. Be3 Ng4 9. Bg5 h6 10. Bh4 g5 11. Bg3 Bg7 12. h3 Ne5 13. Qd2 {B90: Sicilian Najdorf: Unusual White 6th moves, 6 Be3 Ng4 and 6 Be3 e5} (13. Nf5 Bxf5 14. exf5 Nbc6 15. Nd5 e6 16. fxe6 fxe6 17. Ne3 Qa5+ 18. c3 Nf3+ 19. Qxf3 Bxc3+ 20. Kd1 Qa4+ 21. Nc2 Bxb2 {½-½ (62) Nakamura,H (2785)-Grischuk,A (2742) Sharjah 2017}) 13... Nbc6 14. O-O-O Nxd4 15. Qxd4 Be6 16. Nd5 Qa5 {[#] LiveBook: 4 Games} 17. a3 $146 ({Predecessor:} 17. Kb1 Bxd5 18. Qxd5 Qxd5 19. exd5 Rc8 20. Be2 Nc4 {½-½ (44) Wunderlich,H (2616)-Dothan,Y (2655) ICCF email 2009}) 17... Rc8 18. f4 gxf4 19. Bxf4 {[%cal Bg3f4,Bf4d2,Bd2c3,Bc3f6][%mdl 32]} Bxd5 20. exd5 Bf6 {[#] aiming for ...Nc4.} 21. Qf2 Rc5 22. Bd2 Qb6 (22... Bg5 $11) 23. Bc3 $1 $14 Nd7 {[#]} 24. Bxf6 $1 exf6 25. Qf3 ({Of course not} 25. b4 $6 Rxd5 26. Qe1+ Re5 $11) 25... Kd8 26. Bd3 Re8 27. Qh5 Qb3 {White must now prevent ...Qa2.} 28. Kb1 Qxd5 29. Qxh6 Qxg2 30. h4 Qg4 31. Qh7 {[%mdl 1024] White has compensation.} Qh5 32. Qg7 Re3 33. Qg2 (33. Qg1 $5 {[%cal Rg1e3]} Ree5 34. Qg2 $14) 33... Kc8 34. Qd2 (34. Qf2 $5 {[%cal Rf2e3]} Re8 35. Rhf1 $14) 34... Re6 35. Rdf1 Nb6 36. Qb4 Kc7 37. Qd4 Rd5 38. Qf4 Rc5 39. Rf2 Rce5 40. Ka2 Nd5 41. Qd4 Nb6 42. Rh3 Rd5 43. Qf4 Rc5 44. Rf1 a5 45. Kb1 Rce5 {Strongly threatening ...Re1+.} 46. Qf2 Rc5 47. Rf3 Nc4 {...Qxf3! is the strong threat.} 48. Bxc4 Rxc4 49. Rxf6 {The position is equal.} Rxf6 50. Qxf6 {[%mdl 4096] Endgame Threatens to win with Qe7+. KQR-KQR} Kc6 51. Qd8 Qxh4 52. Qxa5 Rc5 53. Qd2 f5 $1 54. Rd1 Qf6 55. Qf4 Qe5 56. Qa4+ Kc7 57. Rh1 Qe4 58. Rh7+ Kb6 59. Qb3+ Rb5 60. Qc3 Rc5 61. Qb3+ Rb5 62. Qc3 Rc5 {Precision: White = 52%, Black = 62%.} 1/2-1/2

[Event "86th UKR-ch Men 2017"]
[Site "Zhytomyr"]
[Date "2017.12.10"]
[Round "5"]
[White "Bernadskiy, Vitaliy"]
[Black "Grinev, Valeriy"]
[Result "1-0"]
[WhiteElo "2583"]
[BlackElo "2409"]
[Annotator "TA"]
[PlyCount "81"]
[EventDate "2017.??.??"]
[EventType "tourn"]
[EventCountry "UKR"]
[SourceTitle "playchess.com"]
[Source "ChessBase"]
[SourceQuality "1"]

{[%evp 10,81,14,4,11,10,61,41,53,63,77,59,71,70,135,108,167,183,166,180,179,177,237,233,220,221,236,225,207,218,212,150,145,145,135,138,168,152,146,122,145,93,75,83,87,81,264,241,268,254,370,362,422,402,481,441,498,504,609,568,767,763,692,560,641,641,717,689,1174,1109,1137,1040,1698,1789]} 1. e4 c5 2. Nc3 a6 3. g3 b5 4. Bg2 Bb7 5. d3 e6 6. Nh3 Nf6 {B23: Closed Sicilian: Lines without g3} (6... b4 7. Ne2 d5 8. e5 Nc6 9. f4 Nh6 10. Nf2 Nf5 11. O-O Qb6 12. c3 Be7 13. g4 Nh4 14. Bh1 {0-1 (35) Yu,Y (2738)-Khismatullin,D (2639) Moscow 2017}) 7. O-O d5 (7... d6 $11) 8. exd5 $1 $14 Nxd5 {White is slightly better.} 9. Ne4 Nc6 10. Bg5 Qd7 11. c4 $36 {[%mdl 2048] White fights for an advantage.} Ndb4 (11... bxc4 $14 12. dxc4 Nb6) 12. Nf4 $16 {[%cal Bh3f4,Bf4h5,Bh5f6][%mdl 32] aiming for a3.} bxc4 {[#]} (12... f5 $16) 13. Nh5 $1 $18 {[%cal Rh5f6]} ({Don't take} 13. dxc4 $6 Qxd1 14. Raxd1 (14. Rfxd1 Nd4 $16) 14... Nd4 $14) 13... Qxd3 14. Qa4 Qc2 $146 15. Rad1 f6 (15... Qxa4 {[#]} 16. Nhf6+ $1 {[%mdl 512]} gxf6 17. Nxf6+ Ke7 18. Rd7#) (15... f5 $142 16. Qxc2 Nxc2 17. Nxc5 Bxc5 18. Nxg7+ Kf7 19. Rd7+ Ne7 20. Bxb7 Rad8) 16. Nexf6+ gxf6 17. Nxf6+ Kf7 18. Rd7+ Be7 19. Qxc2 Nxc2 20. Rxb7 Rab8 21. Bxc6 Rxb7 22. Bxb7 Bxf6 23. Bxf6 Kxf6 $16 {[%mdl 4096] Endgame KRB-KRN} 24. Rc1 Rb8 {And now ...Nd4 would win.} 25. Rxc2 ({Better is} 25. Bxa6 Nd4 26. Bxc4 (26. Rxc4 Rb6 $16)) 25... Rxb7 {KR-KR} 26. a3 Ke5 27. Rxc4 Rxb2 $2 (27... Kd5 $16 28. Rc2 e5) 28. Rxc5+ $18 Ke4 29. Kg2 Rb6 (29... e5 $142 30. Rc7 Ra2 31. Rxh7 Rxa3) 30. f4 {[%cal Bf2f4,Bf4e5][%mdl 32]} Kd4 31. Rh5 Kc4 32. a4 {White is clearly winning.} Rb2+ 33. Kf3 Ra2 34. a5 e5 35. fxe5 Rxa5 36. Ke4 Ra2 37. Rxh7 Re2+ 38. Kf5 Kd5 39. Rd7+ Kc6 40. Rd6+ Kc7 41. h4 {Precision: White = 91%, Black = 36%.} 1-0

[Event "86th UKR-ch Men 2017"]
[Site "Zhytomyr"]
[Date "2017.12.10"]
[Round "5"]
[White "Shevchenko, Kirill"]
[Black "Vypkhaniuk, Ihor"]
[Result "1/2-1/2"]
[WhiteElo "2547"]
[BlackElo "2336"]
[Annotator "TA"]
[PlyCount "158"]
[EventDate "2017.??.??"]
[EventType "tourn"]
[EventCountry "UKR"]
[SourceTitle "playchess.com"]
[Source "ChessBase"]
[SourceQuality "1"]

{[%evp 9,158,24,27,29,28,26,26,25,30,25,22,20,26,25,29,35,47,10,27,12,25,0,78,-5,109,-53,-46,-64,-64,-69,-68,-72,-65,-83,-88,-90,-87,-170,-158,-187,-70,-156,-156,-139,-142,-137,-150,-131,-133,-143,-143,-229,-229,-218,-223,-232,-219,-213,-162,-239,-235,-237,-231,-236,-231,-231,-231,-231,-231,-250,-216,-231,-231,-250,-250,-219,-187,-201,-131,-131,0,-276,0,-131,-131,-131,-131,-131,-131,-162,-131,-131,-124,-131,-131,-131,-131,-131,-131,-131,-131,-154,-140,-193,-199,-195,-139,-146,0,-152,-139,-168,-42,-42,-42,-42,-42,-42,-42,-42,-42,-42,-30,-98,-98,-160,-49,-172,-42,-42,-42,-73,-42,-88,-29,-50,-17,-23,-17,-17,-12,-49,-8,-8,-8,-8,-8,-8,-8,-8,-8]} 1. e4 c5 2. Nf3 Nc6 3. Bb5 Nf6 4. e5 Nd5 5. O-O a6 (5... d6 6. d4 cxd4 7. Nxd4 Bd7 8. exd6 exd6 9. Re1+ Be7 10. Bg5 O-O 11. Bxe7 Ndxe7 12. Nc3 a6 13. Bxc6 bxc6 {½-½ (73) Gunina,V (2505)-Movsesian,S (2671) Cheliabinsk 2017}) 6. Bxc6 {B30: Sizilianisch (Rossolimo-Variante)} dxc6 7. d3 Bf5 $146 ({Vorgänger:} 7... Bg4 8. h3 Bxf3 9. Qxf3 e6 10. Qe2 Qc7 11. Nd2 Ne7 12. Ne4 Nf5 13. g4 {1-0 (39) Tazbir,M (2531)-Dausch,R (2349) Germany 2014}) 8. Nbd2 {Weiß hat minimalen Vorteil.} e6 9. Ne4 Be7 10. Qe2 h6 11. c4 Nb6 12. Bd2 {Droht stark La5.} a5 13. h3 Qc7 14. Rad1 Nd7 15. Bc3 b5 {[#]} (15... O-O $11) 16. b3 (16. Nd6+ $1 $16 {[%mdl 512]} Bxd6 17. exd6 Qxd6 18. g4 (18. Bxg7 Rg8 $14)) 16... a4 (16... b4 $11 {hält das Gleichgewicht.} 17. Nd6+ Bxd6 18. exd6 Qxd6 19. Bxg7 Rg8 20. Bxh6 Bxh3) 17. Kh1 $2 ({Weiss kommt nicht vorbei an} 17. Nd6+ $1 $16 Bxd6 18. exd6 Qxd6 19. g4 (19. Bxg7 Rg8 $11)) 17... O-O $15 18. Ng3 Bg6 19. Ra1 Rfd8 20. Rfd1 Ra6 21. Rac1 axb3 22. axb3 Ra3 23. cxb5 (23. Nd2 $17) 23... cxb5 $19 24. b4 c4 (24... Qb7 $19 25. Qe1 Ra4) 25. Bb2 ({Besser ist} 25. dxc4 $15 bxc4 26. Ne4) 25... Rxd3 $17 ({Doch nicht} 25... Bxd3 $6 26. Rxd3 Rxd3 27. Qxd3 $1 $11 {[%mdl 512]}) 26. Rxd3 cxd3 27. Rxc7 dxe2 28. Nxe2 Bxb4 29. Ned4 {zielt auf Sc6 ab.} Be4 30. Nxb5 (30. Nc6 $17 Bxc6 31. Rxc6) 30... Ba5 $1 $19 {[%cal Ra5c7]} 31. Ra7 Bb6 32. Ra3 Bc5 33. Ra5 Bxf2 34. Nd6 (34. Bd4 {war einen Versuch wert.} Bxd4 35. Nbxd4) 34... Bd5 35. Kh2 Rb8 36. Rb5 Rxb5 37. Nxb5 Bxf3 38. gxf3 {[%mdl 4096] Endspiel KLS-KLS} g5 39. Nd6 Kg7 40. Kg2 Be3 $1 41. Nc4 {[#]} Bf4 $1 42. Bd4 Kg6 43. Kf2 h5 44. Ke2 Kf5 {[%cal Rf4e5]} 45. Nd6+ Kg6 46. Nc4 Kh6 47. Kd3 Nf8 48. Ke4 Ng6 49. Nb2 Nh4 50. Nd3 Nf5 {[%cal Rf5g3]} 51. Bf2 Bd2 52. Nb2 Kg6 53. Nc4 Bf4 54. Nb2 Ne7 55. Nd3 Bd2 56. Bg1 (56. Nb2 $17) 56... Nd5 {Und weiter mit ...Sc3+ wäre nett.} 57. Bd4 Bc3 (57... Kh6 $19 58. Bb2 Kg6) 58. Bf2 $17 Bd2 59. Bd4 $1 Ba5 60. f4 {[#]} g4 (60... Nc3+ $1 $19 61. Kf3 Nb1) 61. hxg4 $1 $15 hxg4 62. f5+ $1 Kg5 63. fxe6 fxe6 64. Nc5 Nc7 65. Nb7 Bb4 {Schwarz will ...Kh4 spielen.} 66. Bb6 (66. Nd8 $1 $11 {bleibt in der Remisbreite.}) 66... Nd5 $17 67. Bf2 (67. Bd4 $142) 67... Be7 ({Günstiger ist} 67... Nc3+ $17 68. Kd3 Kf5) 68. Na5 (68. Nd6 $15) 68... Kg6 (68... Nc3+ $19 69. Kd3 Na4) 69. Nc6 $15 Bg5 70. Bg3 Kf7 71. Nd4 Ne7 (71... Nc3+ $17 72. Kd3 Na4) 72. Bh2 Ng6 73. Bg3 Ke7 74. Nc6+ Kd7 75. Nd4 Bh4 76. Bxh4 {Die Stellung ist ausgeglichen.} Nxh4 77. Kf4 Nf5 78. Nxe6 Kxe6 79. Kxg4 Kxe5 {Precision: Weiß = 44%, Schwarz = 51%.} 1/2-1/2